000 00504nam a22002057a 4500
003 koha_MIRAKIL
005 20231213100106.0
008 231213b |||||||| |||| 00| 0 ||| d
020 _b978-6-05-549647-0
040 _aTR-IsEVY
_btur
_cTR-IsEVY
082 _a813.42 ERB/N
100 _aErbil, Meral.
245 0 _aNilüfer diye bir kız
250 _a2. bs.
260 _bBU Yayınevi,
_c2011
300 _a207 s.
650 _aTürk romanı.
650 _aTurkish fiction.
942 _2ddc
_cBK
999 _c14381
_d14381